El cristianismo en la matriz política del estado: laicidad y autonomía reproductiva en Costa Rica y Nicaragua /

Guardado en:
書目詳細資料
主要作者: Fuentes Belgrave, Laura
格式: Texto
語言:Spanish
主題:
標簽: 添加標簽
沒有標簽, 成為第一個標記此記錄!

MARC

LEADER 00000 a a2200000 04500
001 48599
003 cru CRAI/IIS
005 20210609151754.0
008 210609b |||||||| |||| 00| 0 spa d
040 |c cru CRAI/IIS 
100 1 |a Fuentes Belgrave, Laura  
245 1 3 |a El cristianismo en la matriz política del estado:   |b laicidad y autonomía reproductiva en Costa Rica y Nicaragua /  |c Laura Fuentes Belgrave  
500 |a Colección Centroamérica 
650 0 |9 3691  |a POLITICA 
650 0 |9 2795  |a RELIGION 
651 0 |9 32  |a COSTA RICA 
651 0 |9 1861  |a NICARAGUA 
773 |g volumen40, (2014), páginas 11-36  
773 0 |0 18765  |9 5758  |a Universidad de Costa Rica.  |d San José, Costa Rica: Editorial Universidad de Costa Rica, 1974-  |o 17406  |t Anuario de Estudios Centroamericanos /  |x 03777316 
942 |2 ddc  |c PP 
999 |c 22064  |d 22064